UBT Library

Limited radiography / (Record no. 41669)

000 -LEADER
fixed length control field 01011cam a2200241 i 4500
001 - CONTROL NUMBER
control field 18947149
005 - DATE AND TIME OF LATEST TRANSACTION
control field 20180202075834.0
008 - FIXED-LENGTH DATA ELEMENTS--GENERAL INFORMATION
fixed length control field 160125s2017 at a b 001 0 eng
010 ## - LIBRARY OF CONGRESS CONTROL NUMBER
LC control number 2016931634
020 ## - INTERNATIONAL STANDARD BOOK NUMBER
International Standard Book Number 9781305584754 (pbk)
020 ## - INTERNATIONAL STANDARD BOOK NUMBER
International Standard Book Number 1305584759 (pbk)
040 ## - CATALOGING SOURCE
Original cataloging agency DLC
Language of cataloging eng
Description conventions rda
Transcribing agency DLC
041 ## - LANGUAGE CODE
Language code of text/sound track or separate title eng
042 ## - AUTHENTICATION CODE
Authentication code pcc
080 ## - UNIVERSAL DECIMAL CLASSIFICATION NUMBER
Universal Decimal Classification number 616.073 FRA
100 1# - Rafti
Rafti 6
101 ## - Shkurtesa
Shkurtesa RAD
245 10 - TITLE STATEMENT
Title Limited radiography /
Statement of responsibility, etc Frances E. Campeau, MA, RT(R)(M), FAEIRS, Professor Emerita of the former University of Louisville Radiologic Technology Program, Jeana Fleitz, MED. RT(R)(M), Founder and Director, X-Ray Lady Continuing Education Company, former Program Administrator and Consultant to the Kentucky Department of Education.
504 ## - BIBLIOGRAPHY, ETC. NOTE
Bibliography, etc Includes bibliographical references (pages 516-521) and index.
906 ## - LOCAL DATA ELEMENT F, LDF (RLIN)
a 7
b cbc
c orignew
d 2
e epcn
f 20
g y-gencatlg
942 ## - ADDED ENTRY ELEMENTS (KOHA)
Source of classification or shelving scheme
Item type Books
Holdings
Withdrawn status Lost status Source of classification or shelving scheme Damaged status Not for loan Collection code Permanent location Current location Shelving location Date acquired Total Checkouts Full call number Barcode Date last seen Price effective from Koha item type
          Koleksioni Referal UBT - Lipjan UBT - Lipjan Koleksioni i përgjithshem 02/02/2018   616.073 FRA 002-2997547 02/02/2018 02/02/2018 Books
UBT Library © 2015-2024. All rights reserved University Education for Business and Technology